Heartbreak Weather - Niall Horan (Lyrics) - Statistics

General Stats
  • This quiz has been taken 17 times
  • The average score is 221 of 355
Answer Stats
% Correct
a
100%
[Verse 1] I
100%
I
100%
in
100%
the
100%
from
90%
there
90%
There
90%
this
90%
to
90%
was
90%
Was
90%
we
90%
We
90%
you
90%
You
90%
And
80%
and
80%
comin'
80%
eyes
80%
fire
80%
hotel
80%
lightnin'
80%
my
80%
of
80%
room
80%
Startin'
80%
swear
80%
were
80%
where
80%
your
80%
[Chorus] All
70%
all
70%
be
70%
been
70%
by
70%
heartbreak
70%
I've
70%
life
70%
weather
70%
when
70%
away
60%
can
60%
couldn't
60%
dancin'
60%
feels
60%
It
60%
it
60%
just
60%
me
60%
our
60%
sleepwalk
60%
Tellin'
60%
want
60%
way
60%
what
60%
with
60%
yeah
60%
Yeah
60%
around
50%
better
50%
Bruno
50%
But
50%
city
50%
drivin'
50%
felt
50%
Findin'
50%
get
50%
livin'
50%
lonely
50%
moment
50%
myself
50%
reminded
50%
saw
50%
smilin'
50%
Thinkin'
50%
turn
50%
while
50%
won't
50%
are
40%
[Refrain] Blinded
40%
blinded
40%
breakin'
40%
dark
40%
different
40%
haven't
40%
it's
40%
reasons
40%
so
40%
sparks
40%
stay
40%
takin'
40%
you're
40%
You're
40%
body
30%
clothes
30%
moves
30%
off
30%
same
30%
vision
30%
bars
20%
close
20%
empty
20%
heart's
20%
hearts
20%
holdin'
20%
Lately
20%
look
20%
magic
20%
mirror
20%
missin'
20%
Now
20%
Runnin'
20%
tangled
20%
twisted
20%
up
20%
watchin'
20%
clouds
10%
lifted
10%
that's
10%
silcence
0%
No matching quizzes found
Score Distribution
Percent of People with Each Score
Percentile by Number Answered
Your Score History
You have not taken this quiz